000 00562nam a2200205 a 4500
001 23843
003 CO-ViMGA
008 141112s2004 ck r 000 u spa d
020 _a9789583018718
040 _aCO-ViMGA
_bspa
_cCO-ViMGA
082 0 4 _aPORb
100 1 _aPortorrico, Cristina
_934541
245 1 0 _aLas brujas perejil /
_cCristina Portorrico
260 _aColombia :
_bpanAméricana
300 _a44p.
490 _aRayuela
650 1 4 _a2 : BRUJAS - CUENTOS INFANTILES
_934542
650 1 4 _aCUENTOS INFANTILES COLOMBIANOS
_92369
942 _2ddc
_cBK
999 _c31922
_d31922